000 00619nam a2200229Ia 4500
005 20241216010427.0
008 180423s9999||||xx |||||||||||||| ||und||
020 _a968-422-880-5
082 _a515.63
_bS75
100 _aSPIEGEL, MURRAY R.
245 0 _aANALISIS VECTORIAL
_bTEORIA Y PROBLEMAS RESUELTOS
250 _a0
260 _aMEXICO
_bMCGRAW HILL
_c1991
300 _a222 pag
_c23.5 cm
341 _h70.11
490 _v0
_a0
505 _aVECTORIA-DIFERENCIACION OPERACIONAL
541 _aC
_bSAN CRISTOBAL S.A.
_d16-Jun-99
_odólar
650 _aCIENCIAS PURAS
856 _zCC. Puras
942 _cLIBRO
999 _c14147
_d14147